01314nam a2200277Ia 4500001001200000003000800012006001900020007001500039008004100054020001500095040002100110035002000131050002300151110012000174245024700294260002600541300001800567533015200585650003500737650002900772650002900801650003400830655002900864710001700893856012600910ebr10067178CaPaEBRm u cr cn|||||||||040908s2004 sz a s 000 0 eng d z9241562749 aCaPaEBRcCaPaEBR a(OCoLC)5679529814aQP251b.S65 2004eb2 aSpecial Programme of Research, Development, and Research Training in Human Reproduction (World Health Organization)10aResearch on reproductive health at WHOh[electronic resource] :bpushing the frontiers of knowledge biennial report 2002-2003 /cUNDP/UNFPA/WHO/World Bank Special Programme of Research, Development and Research Training in Human Reproduction. aGeneva :bWHO,c2004. a43 p. :bill. aElectronic reproduction.bPalo Alto, Calif. :cebrary,d2005.nAvailable via World Wide Web.nAccess may be limited to ebrary affiliated libraries. 0aReproductive healthxResearch. 0aContraceptionxResearch. 0aBirth controlxResearch. 0aHuman reproductionxResearch. 7aElectronic books.2local2 aebrary, Inc.40uhttp://site.ebrary.com/lib/rucke/Doc?id=10067178zAn electronic book accessible through the World Wide Web; click to view